000 00324 a2200157 4500
001 57269
020 _a8520904149
040 _cAnchieta - Pituba
100 _aPessoa, Pedro
240 1 0 _aÉ só querer
_lpor
245 1 0 _aÉ só querer
300 _a117
362 0 _a1993
650 4 _aLiteratura juvenil
942 _cBK
999 _c57269
_d57269